[Event "FRA-chT U20 0809"]
[Site "Sautron"]
[Date "2009.01.03"]
[Round "5.6"]
[White "Vuillemin, Paul"]
[Black "Bikindou, Luciano"]
[Result "1-0"]
[WhiteElo "1080"]
[BlackElo "1099"]
[PlyCount "79"]
[EventDate "2008.10.??"]
[EventType "team-tourn"]
[EventRounds "11"]
[EventCountry "FRA"]
[SourceTitle "EXT 2010"]
[Source "ChessBase"]
[SourceDate "2010.11.25"]
[SourceVersion "1"]
[SourceVersionDate "2010.11.25"]
[SourceQuality "1"]

1. d4 e6 2. Nf3 Nc6 3. e3 Nf6 4. Bd3 Nb4 5. Be2 Nc6 6. Nbd2 d6 7. c3 e5 8. dxe5 dxe5 9. 0-0 e4 10. Ng5 h6 11. Ngxe4 Nxe4 12. Nxe4 Qxd1 13. Rxd1 Bf5 14. Bd3 Ne5 15. Bc2 Bxe4 16. Bxe4 Bd6 17. Bxb7 Rd8 18. e4 0-0 19. Bf4 f6 20. Bxe5 fxe5 21. Rd5 Rb8 22. Rb5 Rf4 23. Bd5+ Kf8 24. Rxb8+ Ke7 25. Rg8 Kf6 26. Ra8 Bc5 27. b4 Bb6 28. Rf8+ Kg5 29. Rxf4 Kxf4 30. c4 Bd4 31. Rd1 Bc3 32. b5 Bb4 33. Bc6 Ba3 34. Rd7 Bd6 35. Rxg7 a5 36. Rh7 Kg5 37. Rg7+ Kh5 38. Be8+ Kh4 39. g3+ Kh3 40. Bd7# 1-0